000 00817nam a2200229 i 4500
001 5089
003 ES-MaACL
005 20251011063047.0
007 t|
008 890811r19891791sp a ||||1| lat d
080 _a581.9(46)
100 1 _aCavanilles, Antonio José,
_d1745-1804
_937165
245 1 0 _aIcones et descriptiones plantarum, quae aut sponte in Hispania crescunt... [
_hMicroforma] /
_cIosephi Cavanilles.
260 _aMadrid :
_bAteneo Cientifico, Literario y Artistico,
_c1989.
300 _a1 carrete de microfilme :
_bnegativo ;
_c35 mm.
500 _aPublicado originalmente: Madrid, 1791-1801, en 6 v.
650 1 4 _aObras anteriores a 1800.
_915661
650 7 _aBotánica
_2embne
_910610
650 4 _aFlora-
_zEspaña.
_9152605
852 _aES-MaACLM
_jM-100
999 _c5089
_d5089